LEADER 02509nam 2200577Ia 450 001 9910785564203321 005 20230607231054.0 010 $a0-7914-8815-2 035 $a(CKB)2670000000233646 035 $a(EBL)3407891 035 $a(SSID)ssj0000714221 035 $a(PQKBManifestationID)12348820 035 $a(PQKBTitleCode)TC0000714221 035 $a(PQKBWorkID)10664613 035 $a(PQKB)11737948 035 $a(MiAaPQ)EBC3407891 035 $a(Au-PeEL)EBL3407891 035 $a(CaPaEBR)ebr10587089 035 $a(OCoLC)811403825 035 $a(EXLCZ)992670000000233646 100 $a20020417d2002 ub 0 101 0 $aeng 135 $aur|n|---||||| 181 $ctxt 182 $cc 183 $acr 200 10$aBecoming good parents$b[electronic resource] $ean existential journey /$fMufid James Hannush 210 $aAlbany $cState University of New York Press$dc2002 215 $a1 online resource (185 p.) 225 0 $aSUNY series, alternatives in psychology 300 $aDescription based upon print version of record. 311 $a0-7914-5461-4 320 $aIncludes bibliographical references (p. 147-157) and index. 327 $a""Becoming Good Parents: An Existential Journey""; ""Contents""; ""Acknowledgments""; ""Introduction""; ""1. Growth in Parenting""; ""2. Parenting as Care""; ""3. The Moral Dimension of Parenting""; ""4. Parenting as an Existential Life Project""; ""5. Empowerment in Parenting""; ""6. Parenting and the Life of the Spirit""; ""Appendix: The Story of To Kill a Mockingbird Revisited""; ""Notes""; ""References""; ""Name Index""; ""A""; ""B""; ""C""; ""D""; ""E""; ""F""; ""G""; ""H""; ""J""; ""K""; ""L""; ""M""; ""N""; ""O""; ""P""; ""R""; ""S""; ""T""; ""V""; ""W""; ""Subject Index""; ""A"" 327 $a""B""""C""; ""D""; ""E""; ""F""; ""G""; ""H""; ""I""; ""J""; ""K""; ""L""; ""M""; ""N""; ""O""; ""P""; ""Q""; ""R""; ""S""; ""T""; ""U""; ""V""; ""W""; ""Y"" 410 0$aSUNY Series, Alternatives in Psychology 606 $aParenting$xPsychological aspects 606 $aParents$xAttitudes 606 $aParent and child 615 0$aParenting$xPsychological aspects. 615 0$aParents$xAttitudes. 615 0$aParent and child. 676 $a649/.1 700 $aHannush$b Mufid James$f1945-$01125074 801 0$bMiAaPQ 801 1$bMiAaPQ 801 2$bMiAaPQ 906 $aBOOK 912 $a9910785564203321 996 $aBecoming good parents$93743447 997 $aUNINA LEADER 02437nas# 22003371i 450 001 UON00012374 005 20231205101939.330 100 $a20020107b1926 |0itac50 ba 101 $aeng 102 $aPK 105 $a|||| 1|||| 110 $aaA||||||||| 200 1 $aAnnual report of the Varendra research society 205 $aRajshahi : The Rajshahi Printing Works 207 $a v. ; 23 cm 210 $a Annuale 215 $a. -Titolo della cop. 421 1$1001UON00294790$12001 $aReport on the working of the Varendra Research Museum$e(from 14 August 1947 to 30 June, 1969)$1205 $aRajshahi : University of Rajshahi$1207 $av. ; 24 cm$1210 $aAnnuale$1215 $aDescrizione basata su: anno 1969 421 1$1001UON00012375$12001 $aAnnual report of the Varendra Research Museum$1205 $a1939 - $1207 $aRajshahi : The Rajshahi Printing Works, 1939 -$1210 $a v.$a23 cm$1215 $a Annuale. 620 $dRajshahi$3UONL000619 686 $aPK$cPAKISTAN - PERIODICI$2A 686 $aDONO$cPERIODICI - DONO$2A 686 $aPERIODICI NON ATTIVI$cPERIODICI - NON ATTIVI$2A 712 02$aVarendra Research Society$cRajshahi$3UONV010940 712 $aVarendra Research Society$3UONV248294$4650 801 $aIT$bSOL$c20240220$gRICA 899 $aSIBA - SISTEMA BIBLIOTECARIO DI ATENEO$2UONSI$41926/27 > 1927/28 *C* 1932/34 > 1936/38 *C* 1949 *C*$cPer Misc 43 GEOGRAFIA 6°PIANO ; 912 $aUON00012374 950 $aSIBA - SISTEMA BIBLIOTECARIO DI ATENEO$bSI 1926/27 > 1927/28 *C* 1932/34 > 1936/38 *C* 1949 *C*$dSI A Per Misc 43 1949 $eSI SA 7792 7 1949 $dSI A Per Misc 43 1936/38 $eSI SA 7795 7 1936/38 $dSI A Per Misc 43 1935/36 $eSI SA 7796 7 1935/36 $dSI A Per Misc 43 1934/35 $eSI SA 7797 7 1934/35 $dSI A Per Misc 43 1926/27 $eSI SA 7798 7 1926/27 $dSI A Per Misc 43 1927/28 $eSI SA 7799 7 1927/28 $dSI A Per Misc 43 1932 $eSI SA 7800 7 1932 996 $aAnnual report of the Varendra research society$91321824 997 $aUNIOR